|
|
|
|
| LEADER |
01290nam a2200349 i 4500 |
| 001 |
000092841 |
| 003 |
CZ BrMZK |
| 005 |
20160610100051.0 |
| 007 |
ta |
| 008 |
960815s1908 gw g d lat d |
| 040 |
|
|
|a BOA001
|b cze
|e rda
|
| 072 |
|
7 |
|a 821.14'02-2
|x Řecké antické drama
|2 Konspekt
|9 25
|
| 080 |
9 |
|
|a 821.14-2
|2 MRF
|
| 080 |
|
|
|a (0:82-21)
|2 MRF
|
| 100 |
0 |
|
|a Euripidés,
|d asi 480 př. Kr.-406 př. Kr.
|7 jn19981001000
|4 aut
|
| 245 |
1 |
0 |
|a Iphigenia in Tauris /
|c Euripides ; ex recensione Augusti Nauckii
|
| 250 |
|
|
|a Editio stereotypa
|
| 264 |
|
1 |
|a Lipsiae :
|b Teubner,
|c 1908
|
| 300 |
|
|
|a Strany 63-108
|
| 336 |
|
|
|a text
|b txt
|2 rdacontent
|
| 337 |
|
|
|a bez média
|b n
|2 rdamedia
|
| 338 |
|
|
|a svazek
|b nc
|2 rdacarrier
|
| 490 |
1 |
|
|a Bibliotheca scriptorum graecorum et romanorum Teubneriana
|
| 500 |
|
|
|a Separátní otisk ze souborného vydání Euripidových tragedií, vol. 2
|
| 655 |
|
7 |
|a řecká dramata
|7 fd133985
|2 czenas
|
| 655 |
|
7 |
|a tragédie
|7 fd133711
|2 czenas
|
| 700 |
1 |
|
|a Nauck, August,
|d 1822-1892
|7 mub2013742021
|4 edt
|
| 830 |
|
0 |
|a Bibliotheca scriptorum graecorum et romanorum Teubneriana
|
| 910 |
|
|
|a BOA001
|b M1-1024.672
|
| 990 |
|
|
|a BK
|
| 993 |
|
|
|a Y
|
| 996 |
6 |
|
|b 2610041885
|c M1-1024.672
|l MZK
|r Sklad / do 24 hodin
|n 0
|p dar
|w 000092841
|u 000010
|a 1
|e BOA001
|j MZK50
|s P
|